Introduction to computational physics / (Record no. 180755)
[ view plain ]
| 000 -LEADER | |
|---|---|
| fixed length control field | 01189 a2200217 4500 |
| 003 - CONTROL NUMBER IDENTIFIER | |
| control field | Nust |
| 005 - DATE AND TIME OF LATEST TRANSACTION | |
| control field | 20221129140956.0 |
| 010 ## - LIBRARY OF CONGRESS CONTROL NUMBER | |
| LC control number | 90040467 |
| 020 ## - INTERNATIONAL STANDARD BOOK NUMBER | |
| International Standard Book Number | 0201513870 |
| 040 ## - CATALOGING SOURCE | |
| Transcribing agency | Nust |
| 082 00 - DEWEY DECIMAL CLASSIFICATION NUMBER | |
| Classification number | 530.0285,DEJ |
| 100 1# - MAIN ENTRY--PERSONAL NAME | |
| Personal name | De Jong, Marvin L. |
| 9 (RLIN) | 103779 |
| 245 10 - TITLE STATEMENT | |
| Title | Introduction to computational physics / |
| Statement of responsibility, etc. | Marvin L. De Jong. |
| 260 ## - PUBLICATION, DISTRIBUTION, ETC. | |
| Place of publication, distribution, etc. | Reading, Mass. : |
| Name of publisher, distributor, etc. | Addison-Wesley, |
| Date of publication, distribution, etc. | c1991. |
| 300 ## - PHYSICAL DESCRIPTION | |
| Extent | xviii, 283 p. : |
| Other physical details | ill. ; |
| Dimensions | 24 cm. |
| 505 ## - FORMATTED CONTENTS NOTE | |
| Formatted contents note | The Motion of a Falling Object (Page-1), One Dimensional Dynamic An Object on a Spring (Page-23), Computer Model of an Accelerating Car (Page-43), Dynamic in Two Dimension (Page-65), Energy (Page-91), Electric Fields and Potential (Page-109), RC LR and LRC Circuits (Page-123), Driven LR RC and LRC Circuits (Page-145), Rutherford Scattering and other Collisions (Page-163), The H2+ION (Page-177), Using Random Number to Model Radioactivity (Page-193), Chaotic Dynamics (Page-205), Doing Physics with Random Number (Page-235), Graphics (Page-259). |
| 650 #0 - SUBJECT ADDED ENTRY--TOPICAL TERM | |
| Topical term or geographic name entry element | Mathematical physics |
| General subdivision | Data processing. |
| 9 (RLIN) | 21805 |
| 650 #0 - SUBJECT ADDED ENTRY--TOPICAL TERM | |
| Topical term or geographic name entry element | Physics |
| General subdivision | Data processing. |
| 9 (RLIN) | 103780 |
| 740 0# - ADDED ENTRY--UNCONTROLLED RELATED/ANALYTICAL TITLE | |
| Uncontrolled related/analytical title | Computational physics. |
| 942 ## - ADDED ENTRY ELEMENTS (KOHA) | |
| Source of classification or shelving scheme | |
| Koha item type | Book |
| Call number prefix | 530.0285,DEJ |
| Withdrawn status | Lost status | Source of classification or shelving scheme | Damaged status | Not for loan | Permanent Location | Current Location | Shelving location | Date acquired | Full call number | Barcode | Date last seen | Price effective from | Koha item type | Public note |
|---|---|---|---|---|---|---|---|---|---|---|---|---|---|---|
| Military College of Signals (MCS) | Military College of Signals (MCS) | General Stacks | 12/12/2016 | 530.0285,DEJ | MCS27143 | 12/08/2016 | 12/12/2016 | Book | Almirah No.15 Shelf No.6 |
